| 000 | 00839nam a2200205 a 4500 | ||
|---|---|---|---|
| 003 | 0 | ||
| 005 | 20250411105551.0 | ||
| 008 | 970101s19uu xx 00 eng d | ||
| 050 |
_aPGS RM 87.3 _b.P232 2004 |
||
| 100 | _aParis, Boris Leandre G. | ||
| 245 |
_aAwareness and perception of families residing at R. Medina subdivision Parañaque city on alternative medicine S. Y. 2003-2004 / _cBoris Leandre G. Paris. |
||
| 260 |
_aLas Piñas City, Philippines : _bSouthville International School and Colleges, _c2004. |
||
| 300 |
_aUnpaged : _bcolored illustrations ; _c28 cm. |
||
| 504 | _aIncludes bibliographical references. | ||
| 650 |
_aAlternative medicine _vPublic opinion. |
||
| 650 |
_aComplementary therapies _vPublic opinion. |
||
| 650 |
_aMedicine, Traditional _vPhilippines. |
||
| 650 | _aHealth attitudes. | ||
| 942 |
_2lcc _cPASS |
||
| 999 |
_c97038 _d97038 |
||